అవును అను, అంతే - Statistics

General Stats
  • This quiz has been taken 8 times
  • The average score is 10 of 15
Answer Stats
Question Answer % Correct
తెలుగు ప్రపంచంలోని అన్ని భాషలు కంటే గొప్పదా? అవును
100%
ఇది మంచి పరీక్ష ఆ? అవును
100%
ఇది నా ఏప్రిల్ మూర్ఖుల పరీక్ష ఆ? అవును
100%
అవును అవునా? అవును
100%
ఇది ఒక తమాషా ఆ? అవును
100%
మీ సమయం నేను వృధా చేసాన? అవును
100%
ఆకాశము నీలము ఆ? అవును
50%
ఈ ప్రశ్నకు సమాధానంలో "అ" ఉంది అవును
50%
ఒక బూచాడు మీకు ఏమైనా అంటే, ఏమి అన్నలి? అవును
50%
ఒక బూచాడు మిఠాయి ఇస్తే, వాడు బండిలోకి ఎక్కుతావా? అవును
50%
ఈ పరీక్ష ఆలస్యమయ్యిందా? అవును
50%
ఈ ప్రశ్నకు సమాధానం ఏమిటి? అవును
50%
౩వ ప్రశ్నకి సమాధానం ఏమిటి? అవును
50%
నువ్వు మూర్ఖుడువా? అవును
0%
నీ పేరు ఏమిటి? అవును
0%
No matching quizzes found
Score Distribution
Percent of People with Each Score
Percentile by Number Answered
Your Score History
You have not taken this quiz